000 00325pab a2200145 454500
008 180718b2003 xxu||||| |||| 00| 0 eng d
100 _aSandhya, B.
245 _aRole of sub-inspector as a leader
260 _c2003
300 _ap.15-17.
362 _aMar
650 _aPolice
773 _aCBI Bulletin
909 _a57811
999 _c57811
_d57811